Inclusión de niños con trastorno por déficit de atención por hiperactividad (TDAH) en los centros educativos de Panamá /
Na minha lista:
| Autor principal: | |
|---|---|
| Formato: | Texto |
| Tags: |
Adicionar Tag
Sem tags, seja o primeiro a adicionar uma tag!
|
MARC
| LEADER | 00000 a a2200000 04500 | ||
|---|---|---|---|
| 001 | 47602 | ||
| 003 | |||
| 040 | |||
| 100 | |a Díaz, Tomás A. | ||
| 245 | |a Inclusión de niños con trastorno por déficit de atención por hiperactividad (TDAH) en los centros educativos de Panamá / |c Tomás A. Díaz | ||
| 773 | |a número517, (2014), páginas 70-83 | ||
| 999 | |c 22628 |d 22628 | ||
